| 000 | 01108nam a2200361 a 4500 | ||
|---|---|---|---|
| 003 | AR-BaBNM | ||
| 005 | 20251128204925.0 | ||
| 008 | 082120s2002 ||||||||||||||000 | spa|| | ||
| 020 | _a950-755-116-6 | ||
| 040 | _cAR-BaBNM | ||
| 100 | 1 | _aGargiulo, Roberto Carlos | |
| 245 | 0 | 0 |
_aHistoria argentina en acción _bdesde los aborígenes hasta la Revolución de Mayo. 1 |
| 260 |
_aBuenos Aires _bBraga _c1994 |
||
| 300 |
_a139 p. _bgráfs., tablas, mapas, il. |
||
| 490 | 0 | _aDidáctica operativa | |
| 500 | _aContiene actividades de aprendizaje | ||
| 504 | _aBibliografía: p. 139 | ||
| 650 | 4 | _aHISTORIA ARGENTINA | |
| 650 | 4 | _aENSEÑANZA DE LA HISTORIA | |
| 650 | 4 | _aCRONOLOGIA | |
| 650 | 4 | _aMETODOS DE ENSEÑANZA | |
| 650 | 4 | _aTECNICAS DIDACTICAS | |
| 650 | 4 | _aMATERIAL DIDACTICO | |
| 650 | 4 | _aDINAMICA DE GRUPO | |
| 650 | 4 | _aABORIGENES ARGENTINOS | |
| 650 | 4 | _aDESCUBRIMIENTO DEL RIO DE LA PLATA | |
| 650 | 4 | _aREVOLUCION DE MAYO | |
| 650 | 4 | _aPRIMERA JUNTA | |
| 650 | 4 | _aACTIVIDADES DE APRENDIZAJE | |
| 800 | 1 |
_aPérez Alvarez, Sergio _edirector |
|
| 942 | _cBK | ||
| 998 | _cGrace | ||
| 999 |
_c9351 _d9351 |
||